| 000 | 01407nam a2200229 4500 | ||
|---|---|---|---|
| 001 | 8310 | ||
| 090 | _a8310 | ||
| 099 | _tLIVR | ||
| 100 | _a20250612d u||y0frey5050 ba | ||
| 101 | _aara | ||
| 102 | _aTN | ||
| 200 |
_aالفن التشكيلي الحديث و المعاصر في مصر _bLIVR _fرشدي اسكندر _gكمال الملاخ _gصبحي الشاروني |
||
| 210 |
_aTunis _cالمنظمة العربية للتربية و الثقافة و العلوم _d1998 |
||
| 215 |
_a189p. _ccouv.ill. _d27x24 |
||
| 606 |
_aالفن التشكيلي الحديث و المعاصر في مصر _xما قبل القرن العشرين _xمدرسة الفنون الجميلة _xالمثال محمود مختار _xالحركة الفنية في الاسكندرية _xالتربية الفنية _xجيل التمرد و الثورة _xحرب 1956 و تأثيرها على الفن المصري _xالقضايا الفكرية في الفن المصري _xالاتجاهات الفنية في مصر _xقضية الأصالة و المعاصرة _921506 |
||
| 700 |
_4070 _a اسكندر _bرشدي _921478 |
||
| 701 |
_4070 _a الملاخ _bكمال _921507 |
||
| 701 |
_4070 _a الشاروني _bصبحي _921508 |
||
| 701 |
_4Conception Graphique _aالخشين _bعبد الرزاق _921479 |
||
| 701 |
_4Conseiller artistique _aاللواتي _bعلي _95187 |
||
| 801 |
_aTN _b32BIS _c20250612 _gUNIMARC |
||
| 830 | _aMS | ||